| 000 | 01487cam a2200313Ii 4500 | ||
|---|---|---|---|
| 001 | 9781315851471 | ||
| 008 | 180706s2014 nyu ob 001 0 eng d | ||
| 020 |
_a9781315851471 _q(e-book : PDF) |
||
| 020 |
_a9781317915782 _q(e-book: Mobi) |
||
| 020 |
_a9781317915799 _q(e-book: ePub) |
||
| 020 |
_z9781843119524 _q(hardback) |
||
| 024 | 7 |
_a10.4324/9781315851471 _2doi |
|
| 040 |
_aKO _beng |
||
| 041 | 0 | _aeng | |
| 082 | 0 | 4 |
_a346.0862 _bA719 |
| 100 | 1 |
_aArizon, Felipe de., _eauthor. |
|
| 245 | 1 | 0 |
_aMaritime letters of indemnity / _cby Felipe de Arizon and David Semark. |
| 264 | 1 |
_aNew York : _bInforma Law from Routledge, _c2014. |
|
| 300 | _a1 online resource (xxiii, 203 pages) | ||
| 490 | 1 | _aLloyd's shipping law library | |
| 505 | 0 | _a1. Introduction to letters of indemnity -- 2. Letters of indemnity and the carriage of goods by sea -- 3. Letters of indemnity and bills of lading -- 4. LOIs, the international approach -- 5. "Clean bills" LOIs, the English position -- 6. Policy considerations -- 7. Discharge LOIs and the presentation rule -- 8. Enforcing "discharge" letters of indemnity -- 9. Change of destination LOIs -- 10. Letters of indemnity and P&I cover -- 11. Implied indemnities. | |
| 650 | 0 |
_aMarine insurance _xLaw and legislation. |
|
| 700 | 1 | _aSemark, David. | |
| 830 | 0 | _aLloyd's shipping law library. | |
| 856 | 4 | 0 |
_uhttps://www.taylorfrancis.com/books/9781315851471 _zClick here to view. |
| 904 | _aRUDRA_R | ||
| 905 | _aR_RANJAN | ||
| 942 | _cEB | ||
| 999 |
_c3080 _d3080 |
||